| 000 | 00504nam a2200169Ia 4500 | ||
|---|---|---|---|
| 008 | 090201s9999 xx 000 0 und d | ||
| 010 | _aKPL-9210 | ||
| 040 | _bमराठी | ||
| 041 | _aमराठी | ||
| 082 |
_a40840 _b9210 |
||
| 100 | _aदि. बा. मोकाशी | ||
| 245 |
_aथंडर बॉल _cदि. बा. मोकाशी |
||
| 260 |
_c2004 _bराजस प्रकाशन |
||
| 300 |
_a186 _bमोठा |
||
| 600 | _aथंडर बॉल | ||
| 942 | _cBOOK | ||
| 999 |
_c238073 _d238073 |
||